01005nam a2200253 a 4500001001000000003000900010005001700019007001000036008004000046020001500086040002200101100002800123245014200151260004400293300002700337500006600364700002200430700002500452942001200477952010500489952010400594956003800698999001500736000025373DO-SdBNP20160920154440.0000025373110215s2001 dr a 000 0 spa d a9780461651 aBPMETbspacBPMET1 aCollins de Colado, Mary10aGuay, ay ay aybLa vez que las mariposas se convirtieron en rosas /cMary Collins de Collado ; ilustración Ramiro Manzano, Nidia Serra. aSanto Domingo :bEditorial Normac2001. a55 p. :bil. ;c19 cm. aIncluye datos biográficos de la autora en la contracubierta1 aSerra, Nidiaeil.1 aManzano, Ramiroeil. 2ddccBK 00102ddc40708DOMaBPMETbBPMETd2015-02-11l0pBPMET15041164r2015-02-11t1 ej. w2015-02-11yBK 00102ddc40708DOMaBPMETbBPMETd2015-02-11l0pBPMET15041165r2015-02-11t2 ej.w2015-02-11yBK aVMATEOb10c20110216lBPMSUh0069 c7374d7374